Trabajo decente y formación profesional /
Salvato in:
| Autore principale: | |
|---|---|
| Natura: | testo |
| Lingua: | Spanish |
| Pubblicazione: |
Montevideo, Uruguay:
OIT,
2002
|
| Serie: | Boletín Técnico Interamericano de Formación Profesional
n° 151 |
| Soggetti: | |
| Tags: |
Aggiungi Tag
Nessun Tag, puoi essere il primo ad aggiungerne!!
|
MARC
| LEADER | 00000 a a2200000 04500 | ||
|---|---|---|---|
| 001 | 2184 | ||
| 003 | cru CIDCACS/IIS | ||
| 005 | 20231128105613.0 | ||
| 008 | 231128b |||||||| |||| 00| 0 spa d | ||
| 040 | |c cru CIDCACS/IIS | ||
| 090 | |a 13.01.01 O32e | ||
| 100 | |a Ermida Uriarte, Oscar | ||
| 245 | |a Trabajo decente y formación profesional / |c Oscar Ermida Uriarte | ||
| 260 | |a Montevideo, Uruguay: |b OIT, |c 2002 | ||
| 440 | |a Boletín Técnico Interamericano de Formación Profesional |9 11771 |v n° 151 |x 0254-2439 | ||
| 650 | |a TRABAJO | ||
| 650 | |a PROFESIONALES | ||
| 650 | |a ECONOMIA | ||
| 650 | |a OIT | ||
| 773 | |g número 151; páginas 9-26 | ||
| 942 | |2 ddc |c LI | ||
| 999 | |c 24646 |d 24646 | ||
| 773 | 0 | |0 45376 |9 10215 |d Montevideo, Uruguay: OIT, |o 04084 |t Boletín Técnico Interamericano de Formación Profesional / |x 0254-2439 | |
